[Event "Wch U14"]
[Site "Al Ain"]
[Date "2013.12.26"]
[Round "9"]
[White "Agmanov, Zhandos"]
[Black "Kolver, Chris"]
[Result "1/2-1/2"]
[WhiteElo "1972"]
[BlackElo "1737"]
[PlyCount "147"]
[EventDate "2013.12.18"]
[EventType "swiss"]
[EventRounds "11"]
[EventCountry "UAE"]
[SourceTitle "CBM 158 Extra"]
[Source "ChessBase"]
[SourceDate "2014.02.28"]
[SourceVersion "1"]
[SourceVersionDate "2014.02.28"]
[SourceQuality "1"]

1. e4 c5 2. Nf3 Nc6 3. d4 cxd4 4. Nxd4 Nf6 5. Nc3 e5 6. Ndb5 d6 7. Bg5 a6 8. Na3 b5 9. Bxf6 gxf6 10. Nd5 Bg7 11. c3 0-0 12. Nc2 f5 13. exf5 Bxf5 14. Nce3 Be6 15. g3 f5 16. Bg2 Rc8 17. 0-0 f4 18. Nc2 Ne7 19. a4 Rc5 20. Ncb4 Nxd5 21. Bxd5 Bxd5 22. Nxd5 bxa4 23. Rxa4 fxg3 24. hxg3 a5 25. Rh4 Qe8 26. b4 axb4 27. cxb4 Rc8 28. b5 Qf7 29. b6 Rc5 30. Ne3 d5 31. Qb1 h6 32. Rg4 d4 33. b7 dxe3 34. b8Q exf2+ 35. Kh2 Rxb8 36. Qxb8+ Kh7 37. Qb1+ Kh8 38. Qb2 e4 39. Qxf2 Qxf2+ 40. Rxf2 e3 41. Re2 Re5 42. Kg2 Bf6 43. Kf3 Bg5 44. Re4 Rxe4 45. Kxe4 Kg7 46. Kf5 Kf7 47. Rb2 Ke7 48. Rb6 Kf7 49. Re6 Kg7 50. Re8 Kf7 51. Re5 Kg7 52. Ke6 Kg6 53. Re4 Kg7 54. Rg4 Kg6 55. Ra4 Kg7 56. Kf5 Kf7 57. Ra7+ Kf8 58. Ra1 Kf7 59. Rf1 Kg7 60. Rb1 Kf7 61. Rb6 Kg7 62. Re6 Kf7 63. Re4 Kg7 64. Ke6 Kg6 65. g4 Kg7 66. Kd7 Kf7 67. Re8 Kf6 68. Re7 Bf4 69. Re8 Kg5 70. Ke6 Kxg4 71. Kd5 Kf3 72. Kd4 h5 73. Kd3 h4 74. Rh8 1/2-1/2